Destinations from Aarhus Airport (AAR) - Statistics

General Stats
  • This quiz has been taken 23 times
  • The average score is 15 of 22
Answer Stats
Country Airlines Destination % Correct
Denmark SAS Copenhagen / CPH
100%
Norway SAS Oslo / OSL
94%
Romania Wizz Air Bucharest / OTP
88%
Portugal Ryanair Faro / FAO
88%
UnitedKingdom Ryanair London / STN
88%
Latvia Ryanair Riga / RIX
88%
Sweden SAS Stockholm / ARN
82%
Greece Ryanair Corfu / CFU
76%
Spain Ryanair,Norwegian Malaga / AGP
76%
Portugal Aarhus Charter Funchal / FNC
71%
Poland Ryanair Gdansk / GDN
71%
Italy Ryanair Milan / MXP
71%
Spain Ryanair,Norwegian Palma de Mallorca / PMI
71%
Sweden Braathens Regional Airline Stockholm / BMA
65%
Croatia Ryanair Zadar / ZAD
65%
Egypt Sunweb Hurghada / HRG
59%
Spain Aarhus Charter Tenerife / TFS
59%
Spain Norwegian Alicante / ALC
53%
Cyprus Aarhus Charter Pafos / PFO
53%
Greece Aarhus Charter Chania / CHQ
47%
Denmark DAT Bornholm / RNN
18%
Greece Aarhus Charter Preveza / PVK
18%
No matching quizzes found
Score Distribution
Percent of People with Each Score
Percentile by Number Answered
Your Score History
You have not taken this quiz